000 01080nam a2200313 i 4500
003 EG-GICUC
005 20260121101408.0
008 251130s1939 fr ||||frd||| 00| 0 fre d
040 _aEG-GiCUC
_bfre
_cEG-GiCUC
_dEG-GiCUC
_erda
041 0 _afre
082 0 4 _221
_a343.3
_bLA . D
092 0 4 _221
099 _aLaw1 10 343.3 LA . D 1939
100 1 _aLauraens, Saint
_eAuteur
245 1 0 _aDictionnaire-Formulaire De Parquets Et De La Police Judiciaire.
_nTome Deuxieme /
_cPar Saint-Laurens ; Gustave LE POITTEVIN.
250 _aSeptiéme Édition
264 1 _aParis :
_bLIBRAIRIE ARTHUR ROUSSEAU, ROUSSEAU & C, Editeurs,
_c1939.
300 _a1163 pages ;
_c24 cm.
336 _2rda content
_atext
337 _2rda media
_aComputer
338 _2rda carrier
_aOnline Resource
504 _aComprend des références bibliographiques.
546 _aTexte en français
650 1 _aDroit Pénal
700 _aGustave LE POITTEVIN
_ePrésident
856 4 0 _uhttps://fll.law.cu.edu.eg/fulltext/bks/B10-01067.pdf
905 _a33
_eHassnaa
942 _2ddc
_cREF
_e21
_n0
999 _c47463
_d47463